1173 1907 1288 1293 1922 1501 1326 1703 1777 1971 1626 1799 1970 1895 1893 1137 1326 1634 1054 1289 1205 1669 1788 1429 1287 1405 1844 1320 1816 1178 1295 1775 1360 1235 1336 1391 1315 1072 1431 1667 1903 1632 1276 1560 1166 1800 1054 1082 1984 1829 1843 1861 1279 1260 1435 1428 2000 1082 1011 1368 1380 1640 1743 1849 1039 1045 1898 1039 1839 1887 1227 1610 1374 1502 1335 1564 1037 1150 1926 1506 1677 1847 1458 1752 1187 1570 1954 1641 1874 1714 1013 1924 1481 1831 1073 1371 1889 1325 1104 BCNSPRNW ULIB Ver.6.0+V

เปลี่ยนเป็นภาษาไทย

Change to English
 แสดงรายละเอียดบรรณานุกรม
  กลับหน้าหลัก

Brief Record : Get Marc (ISO 2709) : E-mail record : QR code < ปิดหน้าต่าง
LEADER : 00000nam 2200000uu 4500
001    13399115008
003     ULIB
008    120629s2541||||th 000 0 tha d
020    9789742307332
090    นว.^bก713ป
100 0  กฤษณา อโศกสิน
245 00 ประตูที่ปิดตาย
250    พิมพ์ครั้งที่ 5
260    กรุงเทพฯ:^bประพันธ์สาส์น,^c2541
945    ^p95^l0^i014090
999 ^a ใช้งานได้ทุกระบบ
รายการนี้ยังไม่มีแท็ก
คุณยังไม่ได้ล็อกอิน คุณสามารถมีกิจกรรมร่วมกับเว็บไซต์ได้ แต่ต้องล็อกอินก่อน ::
  ล็อกอิน

รายการสื่อสารสนเทศ

ลำดับที่ ประเภท เลขเรียก/บาร์โค้ด สถานที่ สถานะ
1. นวนิยาย
นวนิยาย
นว. ก713ป  
  Barcode: 014090
ห้องสมุดวิทยาเขตสวรรค์ประชารักษ์
►นวนิยาย
บนชั้น
  ขอยืม

รายการใกล้เคียง
    ผู้แต่ง [กฤษณา อโศกสิน]

BibComment


ยังไม่เคยถูกคอมเมนท์

คอมเมนท์ทรัพยากรรายการนี้
  คอมเมนท์: ประตูที่ปิดตาย


 Copyright 2026. Bcnsprnw @Library